| 000 -LEADER |
| fixed length control field |
00460cam a22001457a 4500 |
| 008 - FIXED-LENGTH DATA ELEMENTS--GENERAL INFORMATION |
| fixed length control field |
180718b-- xxu||||| |||| 00| 0 eng d |
| 082 ## - DEWEY DECIMAL CLASSIFICATION NUMBER |
| Classification number |
A8x5464 B/1988 |
| 100 ## - MAIN ENTRY--PERSONAL NAME |
| Personal name |
Tripura. Directorate of Statistics |
| 9 (RLIN) |
3283 |
| 245 ## - TITLE STATEMENT |
| Title |
Some basic statistics of Tripura 1988-1992 |
| 260 ## - PUBLICATION, DISTRIBUTION, ETC. (IMPRINT) |
| Place of publication, distribution, etc |
Agartala |
| Name of publisher, distributor, etc |
Government pf Tripura |
| 300 ## - PHYSICAL DESCRIPTION |
| Extent |
v.p. |
| 500 ## - GENERAL NOTE |
| General note |
Library has 1988, 1989, 1990, 1991, 1992, 1993, 1995-1996 |
| 650 ## - SUBJECT ADDED ENTRY--TOPICAL TERM |
| Topical term or geographic name as entry element |
Tripura - Statistics |
| 9 (RLIN) |
3284 |
| 942 ## - ADDED ENTRY ELEMENTS (KOHA) |
| Source of classification or shelving scheme |
|